Estadísticas para Islas más Pobladas de España

Haz click aquí para intentar la prueba.

Estadísticas generales

  • Esta prueba ha sido intentada 93 veces
  • La puntuación promedio es 8 de 10

Estadísticas de respuestas

PoblaciónIsla% Correcto
859kMallorca
100%
133kIbiza
99%
888kTenerife
99%
92kMenorca
95%
847kGran Canaria
92%
82kLa Palma
92%
143kLanzarote
87%
107kFuerteventura
85%
113kIsla de Cádiz
19%
95kIsla de León
6%

Distribución de puntuación

Porcentaje por número respondido

Porcentaje de gente con cada puntuación

Historial de tus puntuaciones

No has intentado esta prueba.